| 000 | 02034cam a22005054i 4500 | ||
|---|---|---|---|
| 003 | PE-LiUPU | ||
| 005 | 20250731173353.0 | ||
| 008 | 150706s2004 sp a rb 000 0 spa d | ||
| 020 | _a9788428526432 | ||
| 035 | _a(Sirsi) i9788428526432 | ||
| 040 |
_aPE-LiUPU _bspa _cPE-LiUPU _erda |
||
| 049 | _aPRUA | ||
| 082 | 0 | 4 |
_a248.862 _bP23 _221 |
| 100 | 1 |
_aPangrazzi, Arnaldo , _eautor. |
|
| 245 | 1 | 3 |
_aLa pérdida de un ser querido : _bun viaje dentro de la vida / _cArnaldo Pangrazzi ; [traducido por Ezequiel Varona Valdivielso] . |
| 250 | _a3a edición. | ||
| 264 | 1 |
_aMadrid : _bSan Pablo, _c[2004]. |
|
| 300 |
_a152 páginas : _bilustraciones ; _c21 centímetros. |
||
| 336 |
_atext _2rdacontent |
||
| 337 |
_aunmediated _2rdamedia |
||
| 338 |
_avolume _2rdacarrier |
||
| 490 | 0 |
_aSalud y vida ; _v 7 |
|
| 504 | _aIncluye bibliografía. | ||
| 505 | 0 | _aLa variedad de pérdidas -- La dinámica del duelo -- Factores importantes en el luto -- Las relaciones normales a una perdida -- Las relaciones atípicas del duelo -- Los objetivos del duelo -- El duelo de los niños -- El vocabulario de la esperanza -- El vocabulario de la misericordia -- La iglesia y el luto. | |
| 526 | _aSEG42 | ||
| 526 | _aSEG41 | ||
| 526 | _aSEG40 | ||
| 526 | _aSEG39 | ||
| 526 | _aP94 | ||
| 526 | _aP87 | ||
| 526 | _aP86 | ||
| 526 | _aP85 | ||
| 526 | _aP77 | ||
| 526 | _aP76 | ||
| 526 | _aP35 | ||
| 541 | _g007-0020802; | ||
| 650 | 0 | 4 |
_aDuelo _xAspectos religiosos. |
| 650 | 0 | 4 | _aDuelo. |
| 910 |
_bjv _cng _d20100621 |
||
| 942 |
_2ddc _cBOOK |
||
| 949 |
_a248.862 P23 _wDEWEY _c1 _i61906 _d2015-10-14 _e2015-10-12 _lCCODEBUL1 _mBUL _n2 _r0 _sY _tBOOK _u2015-7-6 _xTEOLOGIA _PP35 _0COMPRA _o.STAFF. Colección Teología |
||
| 994 |
_aC0 _bPEPRU |
||
| 596 | _a1 | ||
| 999 |
_a248.862 P23 _wDEWEY _c51038 _i61906 _d51038 _e2015-10-12 _f2021-11-10 _g5 _lCCODEBUL1 _mBUL _n2 _p9.25 _r0 _sY _tBOOK _u2015-7-6 _xTEOLOGIA _PP35 _0COMPRA _o.STAFF. Colección Teología |
||
| 980 |
_81 _gALBERTO SANCHEZ Responsable de Automatización |
||